书目信息 |
| 题名: |
个体私营企业会计实务
|
|
| 作者: | 王泉 编 | |
| 分册: | ||
| 出版信息: | 广州 中山大学出版社 1999.10 |
|
| 页数: | 259页 | |
| 开本: | 32开 | |
| 丛书名: | ||
| 单 册: | ||
| 中图分类: | F276.3 | |
| 科图分类: | ||
| 主题词: | 企业经济 | |
| 电子资源: | ||
| ISBN: | 7-306-01596-6 | |
| 000 | 00551nam0 2200193 45 | |
| 001 | 0011201901 | |
| 005 | 20001120193927.5 | |
| 010 | @a7-306-01596-6@d12.80元 | |
| 100 | @a20001120d1999 km y0chiy0120 ea | |
| 101 | 0 | @achi |
| 105 | @a z 000yy | |
| 200 | 1 | @a个体私营企业会计实务@AGe Ti Si Ying Qi Ye Kuai Ji Shi Wu@f王泉编@FWang Quan Bian |
| 210 | @a广州@c中山大学出版社@d1999.10 | |
| 215 | @a259页@d32开 | |
| 606 | 0 | @a企业经济 |
| 690 | @aF276.3@v3 | |
| 701 | 0 | @a王泉@4编 |
| 801 | @aCN@bPftUser@c20001120 | |
| 905 | @b417724-733@dF276.3@eW.688@f10 | |
| 个体私营企业会计实务/王泉编.-广州:中山大学出版社,1999.10 |
| 259页;32开 |
| ISBN 7-306-01596-6:12.80元 |
| ● |
| 相关链接 |
|
|
|
正题名:个体私营企业会计实务
索取号:F276.3/W.688
 
预约/预借
| 序号 | 登录号 | 条形码 | 馆藏地/架位号 | 状态 | 备注 |
| 1 | 417724 | 204177247 | 社科二线422/422社科库 47排3列5层/ [索取号:F276.3/W.688] | 在馆 | |
| 2 | 417725 | 204177256 | 社科二线422/422社科库 47排3列5层/ [索取号:F276.3/W.688] | 在馆 | |
| 3 | 417726 | 204177265 | 社科二线422/422社科库 47排3列5层/ [索取号:F276.3/W.688] | 在馆 | |
| 4 | 417727 | 204177274 | 社科二线422/422社科库 47排3列5层/ [索取号:F276.3/W.688] | 在馆 | |
| 5 | 417728 | 204177283 | 社科二线422/409社科库 96排1列1层/ [索取号:F276.3/W.688] | 在馆 | |
| 6 | 417729 | 204177292 | 社科二线422/422社科库 47排3列5层/ [索取号:F276.3/W.688] | 在馆 | |
| 7 | 417730 | 204177309 | 社科库409/409社科库 96排1列1层/ [索取号:F276.3/W.688] | 在馆 | |
| 8 | 417731 | 204177318 | 社科二线422/422社科库 47排3列5层/ [索取号:F276.3/W.688] | 在馆 | |
| 9 | 417732 | 204177327 | 社科二线422/409社科库 96排1列1层/ [索取号:F276.3/W.688] | 在馆 |